Statistics for USA: Towns with the same name African capital cities

Click here to take the quiz!

General Stats

  • This quiz has been taken 973 times
  • The average score is 4 of 7

Answer Stats

US State(s)African capital% Correct
Illinois + 12 othersCairo
97%
IndianaAlgiers
75%
Iowa + 2 othersTripoli
74%
Massachusetts + 6 othersFreetown
68%
California + 4 othersMonrovia
63%
Texas + 13 othersVictoria
53%
UtahMoroni
20%

Score Distribution

Percentile by Number Answered

Percent of People with Each Score

Your Score History

You have not taken this quiz